Ζωγραφική 19ου αιώνα

Αποθηκεύτηκε σε:
Λεπτομέρειες βιβλιογραφικής εγγραφής
Κύριος συγγραφέας: Κωτίδης, Αντώνης, 1949-
Άλλοι συγγραφείς: Λαμπράκη-Πλάκα, Μαρίνα, 1939-2022 (Συγγραφέας εισαγωγής κ.λπ.)
Μορφή: Βιβλίο
Γλώσσα:Greek
Δημοσίευση: Αθήνα : Εκδοτική Αθηνών, 1995.
Σειρά:Ελληνική τέχνη
Θέματα:
Ετικέτες: Προσθήκη ετικέτας
Δεν υπάρχουν, Καταχωρήστε ετικέτα πρώτοι!

MARC

LEADER 00000cam a2200000 i 4500
001 1/32654
008 970120s1995 gr | ||| |||| ||gre||
020 |a 9602133023 
020 |a 9789602133026 
035 |l 10069373 
035 |l 10031587 
040 |a GR-MyUa  |b gre  |e AACR2 
041 0 |a gre 
082 7 |a 709.495   |2 (22) 
082 7 |a 759.949509034   |2 (22) 
082 7 |a 700.495   |2 (22) 
100 1 |a Κωτίδης, Αντώνης,   |d 1949- 
245 1 0 |a Ζωγραφική 19ου αιώνα /   |c Αντώνης Κωτίδης ; εισαγωγή: Μαρίνα Λαμπράκη-Πλάκα.  
260 |a Αθήνα :   |b Εκδοτική Αθηνών,   |c 1995.  
300 |a 275 σ. :   |b εικ. ;   |c 29 εκ.  
490 1 |a (Ελληνική τέχνη / Εκδοτική Αθηνών)  
504 |a Περιέχει βιβλιογραφία και ευρετήριο.  
650 0 |a Painting, Greek  |y 19th century. 
650 0 |a Painters  |z Greece. 
700 1 |a Λαμπράκη-Πλάκα, Μαρίνα,   |d 1939-2022,  |e aui 
830 0 |a Ελληνική τέχνη 
852 |a INST  |b LEMNOS  |e 20100419  |h 709.495 ΚΩΤ  |p 005600000209  |q 005600000209  |t REF  |y 23 
852 |a INST  |b LESVOS  |e 19970120  |h 700.495 ΚΩΤ  |p 005100012324  |q 005100012324  |t REF  |y 23 
852 |a INST  |b RHODES  |e 19980605  |h 700.495 ΚΩΤ  |p 005400006276  |q 005400006276  |t REF  |y 23 
852 |a INST  |b SYROS  |e 20030212  |h 759.949509034 ΚΩΤ  |p 005500001976  |q 005500001976  |t BK  |y 0 
901 |a BIBL5-2000-3 
901 |a BIBL6-2010-1 
901 |a BIBL-1998-2 
922 |a 5ΕΛΗ  |b 200009  |c Βιβλιοθήκη  |d Παπασωτηρίου 
922 |a 6ΕΛΗ  |b 200911  |c ΤΑΚ/ΤΕΤΔ  |d Best Book Hunters 
922 |a 4ΕΛΗ  |b 199802  |c ΚΠΣ/Ν  |d EMVASIS 
950 |a 188-2000-07-28 
950 |a 147-1996-11-26 
970 |a Πουρνάρας  |b Δημήτρης  |z 03/11/2000